000 00408nam a2200145Ia 4500
005 20240823064148.0
008 240823s9999||||xx |||||||||||||| ||und||
082 _A629.89 P9
100 _a"Stenerson,Jon"
245 0 _aProgramming ControlLogix : Programmable Automation Controllers
260 _c2009
_bCengage Learning
_aNew Delhi
500 _aYES
650 _aControlLogix
_bElectronics
942 _cNB
999 _c240049
_d240049